01180cam a2200301 i 4500003000900000005001700009007000300026008004100029020001800070040003000088082002500118100002800143240007900171245014100250250001900391264005100410264005100461300002600512336002700538337003400565338002800599490001600627500007200643500004500715500005600760650001700816700004500833DO-SdBNP20240314143008.0ta751003s2011 dr 001 f spa d a9788420650968 aDO-SdBNPbspacBNPHUerda 4a330bS642r, 20112221 aSmith, Adam,d1723-1790 aAn inquiry into the nature and causes of the wealth of nations lEspañol13aLa riqueza de las naciones :b(libros I-II-III y selección de los libros IV y V) /cAdam Smith ; traducción Carlos Rodríguez Braun a3a. edición  1aMadrid, España :bAlianza editorial, c2011. 3aMadrid, España :bAlianza editorial, c2017. a814 páginasc18 cm. 2rdacontentatextobtxt 2rdamediaasin mediación bn 2rdacarrieravolumenbnc0 aEconomía  aObra publicada originalmente en dos volúmenes en Londres en 1776. aIncluye Índice de nombres y materias.  aLa biblioteca posee la 7a. reimpresión del 2017.  4aEconomía. 1 aRodríguez Braun, Carlosetraducción